| 000 | 00569nam a2200217Ia 4500 | ||
|---|---|---|---|
| 008 | 230125s9999 xx 000 0 und d | ||
| 020 | _a0-256-06865-8 | ||
| 041 | _aeng | ||
| 082 |
_a658.8 _bMCC |
||
| 100 |
_aMccarthy E J _9107676 |
||
| 245 | _aBasic Marketing | ||
| 250 | _a10th Ed. | ||
| 260 |
_c1990 _bIRWIN Publishers _aBoston |
||
| 300 | _a734p | ||
| 500 | _amarketing;basic marketing | ||
| 500 | _aMM | ||
| 650 |
_aMarketing Management _9107677 |
||
| 700 |
_aMccarthy E J & Perreault W D _9107678 |
||
| 906 | _b59 | ||
| 999 |
_c84650 _d84650 |
||